000 00420cam a22001574a 4500
020 _a9780195311112 (pbk.)
041 _aENG
082 0 0 _a126
_bCHA
100 1 _aChalmers, David John,
245 1 0 _aThe character of consciousness
260 _aNew York :
_bOxford University Press, USA,
_c2010.
300 _axxvii, 596 p. :
_bill. ;
490 0 _aPhilosophy of mind series
650 0 _aConsciousness.
942 _cBK
999 _c22770
_d22770